|
|
|
|
| LEADER |
00000nam0a2200000 4500 |
| 001 |
306872 |
| 005 |
20231102001934.0 |
| 035 |
|
|
|a (RuTPU)RU\TPU\book\332149
|
| 090 |
|
|
|a 306872
|
| 100 |
|
|
|a 20151013d1983 km y0rusy50 ca
|
| 101 |
0 |
|
|a rus
|
| 102 |
|
|
|a RU
|
| 105 |
|
|
|a y e 001zy
|
| 200 |
1 |
|
|a Экономика и организация производства
|e словарь
|f под ред. Г. С. Прокопьева
|
| 210 |
|
|
|a Москва
|c Экономика
|d 1983
|
| 215 |
|
|
|a 272 с.
|
| 320 |
|
|
|a Алф. указ.: с. 263-268
|
| 606 |
1 |
|
|a Организация производства
|2 stltpush
|3 (RuTPU)RU\TPU\subj\36564
|9 57896
|
| 610 |
1 |
|
|a термины
|
| 610 |
1 |
|
|a экономика
|
| 610 |
1 |
|
|a понятия
|
| 610 |
1 |
|
|a словари
|
| 686 |
|
|
|a У9(2)29-2я2
|v LBC/SL-A
|2 rubbk
|
| 702 |
|
1 |
|a Прокопьев
|b Г. С.
|4 340
|
| 801 |
|
1 |
|a RU
|b 63413507
|c 20151013
|
| 801 |
|
2 |
|a RU
|b 63413507
|c 20190508
|g RCR
|
| 942 |
|
|
|c BK
|